| 000 | 00874cam a2200313 a 4500 | ||
|---|---|---|---|
| 001 | 59043 | ||
| 003 | CO-BoRNBP | ||
| 005 | 20250903141425.0 | ||
| 007 | ta | ||
| 008 | 160218s2015 ck gr 000 0dspa | ||
| 020 | _a9789584247599 | ||
| 020 | _a958424759X | ||
| 040 |
_aCO-BoBN _bspa _cCO-BoBN |
||
| 082 | 0 | 4 |
_aC863.5 _223 |
| 084 | _aN PAD1 | ||
| 100 | 1 |
_aPadura, Leonardo, _d1955- _964686 |
|
| 245 | 1 | 0 |
_aMáscaras / _cLeonardo Padura |
| 250 | _a7a. ed. | ||
| 300 |
_a233 p. ; _c21 cm |
||
| 336 |
_2rdacontent _atexto _btxt |
||
| 337 |
_2rdamedia _asin mediación _bn |
||
| 338 |
_2rdacarrier _avolumen _bnc |
||
| 490 | 0 |
_aColección andanzas ; _v690/3 |
|
| 490 | 0 | _aMario Conde | |
| 500 | _aContiene datos biográficos del autor | ||
| 650 | 1 | 4 |
_aNovela cubana _ySiglo XXI _2LEMB _964687 |
| 942 |
_2ddc _cBK |
||
| 990 |
_a2016-611 _bEditorial Planeta Colombiana S.A. |
||
| 999 |
_c59043 _d59043 |
||